000 00254nam a2200097Ia 4500
001 684941
005 20250826161508.0
008 250824s9999 xx 000 0 und d
245 0 _aYÜKSEK GERİLİM/A.AĞAOĞLU/EVEREST
_cADALET AĞAOĞLU
260 _bEVEREST
999 _c684941
_d684941